3 Biggest Cities in each Region of Papua New Guinea - Statistics

General Stats
  • This quiz has been taken 3 times
  • The average score is 25 of 64
Answer Stats
Region + Rank Population City % Correct
Morobe 1 176,079 Lae
100%
Western Highlands 1 104,172 Mount Hagen
100%
Capital 1 530,772 Port Moresby
100%
Bougainville 2 25,664 Buka
67%
Eastern Highlands 1 44,198 Goroka
67%
Oro 2 4,755 Kokoda
67%
Chimbu 1 31,462 Kundiawa
67%
Manus 1 35,188 Lorengau
67%
East New Britain 2 29,329 Rabaul
67%
Sandaun 2 30,141 Aitape
33%
Madang 2 11,853 Alexishafen
33%
Milne Bay 1 36,130 Alotau
33%
East Sepik 3 7,155 Angoram
33%
Bougainville 1 37,452 Arawa
33%
Jiwaka 1 20,048 Banz
33%
Bougainville 3 7,512 Buin
33%
Morobe 2 30,594 Bulolo
33%
Chimbu 3 8,780 Chuave
33%
Western 2 33,932 Daru
33%
West New Britain 2 17,303 Ewase
33%
West New Britain 3 14,048 Galoale
33%
Milne Bay 3 6,631 Gurney
33%
Eastern Highlands 3 13,522 Henganofi
33%
Central 3 9,460 Hula
33%
Southern Highlands 3 10,449 Ialibu
33%
Eastern Highlands 2 21,775 Kainantu
33%
New Ireland 1 42,258 Kavieng
33%
Gulf 1 18,460 Kerema
33%
Gulf 2 15,058 Kikori
33%
West New Britain 1 52,206 Kimbe
33%
Western 1 40,351 Kiunga
33%
East New Britain 1 72,506 Kokopo
33%
Hela 2 12,482 Komo
33%
Jiwaka 3 13,147 Kudjip
33%
Gulf 3 4,105 Kukipi
33%
Hela 3 8,115 Laite
33%
Central 2 11,045 Lea Lea
33%
Manus 3 3,503 Likum
33%
New Ireland 2 12,870 Londolovit
33%
Milne Bay 2 8,319 Losuia
33%
Madang 1 84,557 Madang
33%
Western Highlands 2 11,624 Mainis
33%
East Sepik 2 10,160 Maprik
33%
Southern Highlands 1 65,378 Mendi
33%
Chimbu 2 10,854 Mingende
33%
Jiwaka 2 15,553 Minj
33%
Morobe 3 20,513 Nadzab
33%
New Ireland 3 12,124 Namatanai
33%
Madang 3 5,824 Nom
33%
Sandaun 3 6,811 Nuku
33%
Southern Highlands 2 14,880 Pangia
33%
East New Britain 3 9,016 Pomio
33%
Manus 2 6,024 Ponam
33%
Oro 1 27,582 Popondetta
33%
Enga 1 38,207 Porgera
33%
Western 3 26,685 Tabubil
33%
Central 1 24,207 Tanubada
33%
Hela 1 39,132 Tari
33%
Western Highlands 3 7,992 Togoba
33%
Sandaun 1 47,723 Vanimo
33%
Enga 2 33,165 Wabag
33%
Oro 3 3,170 Wanigela
33%
Enga 3 16,301 Wapenamanda
33%
East Sepik 1 68,328 Wewak
33%
No matching quizzes found
Score Distribution
Percent of People with Each Score
Percentile by Number Answered
Your Score History
You have not taken this quiz